| 000 | 00817nam a2200229Ia 4500 | ||
|---|---|---|---|
| 005 | 20260430150759.0 | ||
| 008 | 008 250103s9999 xx 000 0 hin d | ||
| 037 | _aTheses | ||
| 040 | _aCRL | ||
| 040 | _bhin | ||
| 040 | _chin | ||
| 041 | _2hin | ||
| 041 | _ahin | ||
| 084 | _qCRL | ||
| 100 |
_aजैन, शैंकी, ले. _9868755 |
||
| 245 | 0 | _aपश्चिमी हिमालय के बौद्ध नाट्य तथा नाटकीय प्राय विधाओं का अध्ययन एवं विश्लेषण | |
| 260 | _c2023 | ||
| 300 | _a274पृ0 | ||
| 700 | _aदिल्ली विश्वविद्यालय. कला संकाय. बौद्ध अध्ययन विभाग | ||
| 942 | _cTH | ||
| 999 |
_c1850744 _d1850744 |
||